Loading...
| 1 | 1 | 0 | 0 | 25 | 37 | 75.50 | 1 | 2 | 0.00 | 0.00 | |
| History - World | 1 | 0 | 0 | 0 | 15 | 55 | 55.00 | 1 | 1 | 0.00 | 0.00 |
| Other Science: Astronomy | 1 | 0 | 0 | 0 | 15 | 46 | 46.00 | 1 | 1 | 0.00 | 0.00 |
| Literature - European | 0 | 1 | 0 | 0 | 10 | 89 | 89.00 | 0 | 1 | 0.00 | 0.00 |
| Beliefs | 0 | 1 | 0 | 1 | 10 | 129 | 129.00 | 0 | 1 | 0.00 | 0.00 |
| Philosophy | 0 | 1 | 0 | 1 | 10 | 132 | 132.00 | 0 | 1 | 0.00 | 0.00 |
| Social Science | 0 | 1 | 0 | 1 | 10 | 142 | 142.00 | 0 | 1 | 0.00 | 0.00 |
| Other Arts: Auditory | 0 | 1 | 0 | 1 | 10 | 131 | 131.00 | 0 | 1 | 0.00 | 0.00 |
| Fine Arts - Visual | 0 | 1 | 0 | 1 | 10 | 146 | 146.00 | 0 | 1 | 0.00 | 0.00 |
| Literature - American | 0 | 1 | 0 | 0 | 10 | 76 | 76.00 | 1 | 1 | 0.00 | 0.00 |